Viscoelastic properties of rubber compounds for tyre applications (Record no. 72199)

MARC details
000 -LEADER
fixed length control field 00397nam a2200133Ia 4500
100 ## - MAIN ENTRY--AUTHOR NAME
Personal name Muraoka K
245 #0 - TITLE STATEMENT
Title Viscoelastic properties of rubber compounds for tyre applications
260 ## - PUBLICATION, DISTRIBUTION, ETC. (IMPRINT)
Name of publisher International Polymer Science and Technology
Year of publication 2002
300 ## - PHYSICAL DESCRIPTION
Number of Pages 7-Jan
650 ## - SUBJECT ADDED ENTRY--TOPICAL TERM
Topical Term Rubber Compounds
650 ## - SUBJECT ADDED ENTRY--TOPICAL TERM
Topical Term Viscoelastic properties
942 ## - ADDED ENTRY ELEMENTS (KOHA)
Koha item type Journals
Holdings
Withdrawn status Lost status Damaged status Not for loan Home library Current library Shelving location Date acquired Serial Enumeration / chronology Koha item type
      Journals RRII Library RRII Library Rubber chemistry 26/11/2002 Volume 29, Issue 12 Journals